| 000 | 00596nam a22001937a 4500 | ||
|---|---|---|---|
| 005 | 20250917102656.0 | ||
| 008 | 250916b |||||||| |||| 00| 0 eng d | ||
| 020 | _a9781641732912 | ||
| 082 | _aDC 642 M865 2025 | ||
| 100 |
_aMoura, Hector _932797 |
||
| 245 |
_aMenu planning / _cHector Moura. |
||
| 260 |
_aNew York : _bLarsen & Keller Education, _c©2025. |
||
| 300 |
_avii, 289 pages : _billustrations (some colors) ; _c27 cm. |
||
| 500 | _aIncludes index. | ||
| 650 | 0 |
_aMenus _xPlanning. _967650 |
|
| 650 | 0 |
_aFood service. _967651 |
|
| 650 | 0 |
_aDinners and dining. _967652 |
|
| 942 |
_2ddc _cDC |
||
| 999 |
_c23787 _d23787 |
||